000 00424nam a2200181Ia 4500
001 14197
005 20260306164856.0
008 260306t2015||||xx |||||||||||||| ||spa||
041 _aESP
082 _a510
_bV47
100 _aVera Gutiérrez, Carlos
_eAUT
245 0 _aMatemática básica
260 _c2015
300 _axiii, 710 páginas :
_c21 cm.
650 _aGEN
654 _aCMA
942 _cLIB
_dJUS
_fJUS
_2ddc
_n
999 _c14197
_d14197